02292nam a22002657a 4500999001700000020001800017041000900035082001900044100002900063245010600092260004400198300001000242504002000252505051600272520090400788546001301692650002401705650004001729650002001769650003201789700003701821700002701858942001201885952012901897 c37473d37473 a9781526465078 aeng- a378.223bSPE-N aSpencely, CaroleAuthor. aNavigating research funding with confidence /cCarol Spencely, Acuña- Rivera, Marcela, Pam Denicolo aLondon :bSAGE Publications Ltd,c2020. a184p. aIncludes index. aContents: Chapter 1: The context for research funding Chapter 2: Research Funders: who you could choose and why Chapter 3: Planning and managing your application Chapter 4: Stages in the process of submission Chapter 5: Writing each section of the application Chapter 6: Getting to grips with Finances Chapter 7: Gathering and using feedback Chapter 8: The assessment processes Chapter 9: Further steps in the application process: interviews Chapter 10: First steps in a new grant Chapter 11: Concluding remarks aA timely manual in the current climate of increasingly underfunded departments and institutions, this book offers insight into how to secure, manage and effectively research funding in the changing order of global economy and competing research priorities. It gives you the perspectives of those who seek, and those who award research funding, such as governments, companies and foundations. Examining the full cycle and elements of influence of research funding, this book comes with: • Practical case studies, • Lists of potential funding sources that you can use to enhance your funding generation efforts, and • Explanatory videos Clear and digestible, this text delivers systematic guidance for early career researchers and students in Graduate Schools, Doctoral Colleges, Research Methods Programmes, Academic and Research Staff Development Programmes. aEnglish. aResearch institutes aUniversities and collegesxFinance. aResearch grants aProposal writing for grants aAcuña-Rivera, MarcelaeAuthor. aDenicolo, PameAuthor. 2ddccBK 00104070aNASSDOCbNASSDOCd2023-03-16eOverseasg0.00l0o378.223 SPE-Np53139r2023-05-03 00:00:00v0.00w2023-05-03yBK